Mechanics of Material, 4th Ed (Record no. 313894)
[ view plain ]
| 000 -LEADER | |
|---|---|
| fixed length control field | 00536 a2200169 4500 |
| 001 - CONTROL NUMBER | |
| control field | 78821 |
| 082 ## - DEWEY DECIMAL CLASSIFICATION NUMBER | |
| Classification number | 620.112 HIG |
| 090 ## - LOCALLY ASSIGNED LC-TYPE CALL NUMBER (OCLC); LOCAL CALL NUMBER (RLIN) | |
| -- | 39451 |
| -- | 39451 |
| 100 ## - MAIN ENTRY--PERSONAL NAME | |
| Personal name | Higdon, Archie ; Edward H. Ohlson ; William B. Stiles |
| 245 ## - TITLE STATEMENT | |
| Title | Mechanics of Material, 4th Ed |
| Statement of responsibility, etc. | Archie Higdon ; Edward H. Ohlson ; William B. Stiles |
| 250 ## - EDITION STATEMENT | |
| Edition statement | 4 |
| 260 ## - PUBLICATION, DISTRIBUTION, ETC. | |
| Place of publication, distribution, etc. | New Y |
| Name of publisher, distributor, etc. | John Wiley |
| Date of publication, distribution, etc. | 1985 |
| 300 ## - PHYSICAL DESCRIPTION | |
| Extent | xv, 775 p. |
| Other physical details | origional books |
| 500 ## - GENERAL NOTE | |
| General note | BE textbook Aerospace |
| 600 ## - SUBJECT ADDED ENTRY--PERSONAL NAME | |
| Personal name | Edward H. Ohlson ; William B. Stiles |
| 650 ## - SUBJECT ADDED ENTRY--TOPICAL TERM | |
| Topical term or geographic name entry element | William B. Stiles |
| 942 ## - ADDED ENTRY ELEMENTS (KOHA) | |
| Institution code [OBSOLETE] | NUST-CAE |
| Call number prefix | 620.112 HIG |
| Withdrawn status | Lost status | Damaged status | Not for loan | Collection code | Permanent Location | Current Location | Date acquired | Total Checkouts | Full call number | Barcode | Date last seen | Price effective from | Koha item type |
|---|---|---|---|---|---|---|---|---|---|---|---|---|---|
| College of Aeronautical Engineering (CAE) | College of Aeronautical Engineering (CAE) | 04/03/2017 | 620.112 HIG | CAE65409 | 04/05/2017 | 04/05/2017 | Book |
